| 000 | 00718nam a2200289Ia 4500 | ||
|---|---|---|---|
| 005 | 20260324134342.0 | ||
| 008 | 008 260324s9999 xx 000 0 eng d | ||
| 020 | _a9780429127786 | ||
| 037 | _aEBOOK | ||
| 040 | _aCRL | ||
| 040 | _beng | ||
| 040 | _cCRL | ||
| 041 | _2eng | ||
| 041 | _aeng | ||
| 084 | _qCRL | ||
| 100 |
_aLuciano Carbone _91196492 |
||
| 245 | 0 | _aUnbounded Functionals in the Calculus of Variations | |
| 245 | 0 | _bRepresentation, Relaxation, and Homogenization | |
| 260 | _bTaylor and Francis | ||
| 260 | _c2002 | ||
| 365 | _a | ||
| 365 | _b370 | ||
| 856 | _uhttp://www.taylorfrancis.com/books/9780429127786 | ||
| 942 | _cEBOOK | ||
| 999 |
_c1796510 _d1796510 |
||